[Event "BAN-chT (Women)"]
[Site "Dhaka"]
[Date "2021.09.14"]
[Round "7.1"]
[White "Jannatul, Ferdous"]
[Black "Khanam, Afroza"]
[Result "1-0"]
[WhiteElo "1745"]
[BlackElo "1886"]
[PlyCount "78"]
[EventDate "2021.09.08"]
[EventType "team-tourn"]
[EventRounds "9"]
[EventCountry "BAN"]
[SourceTitle "CBM 204 Extra"]
[Source "ChessBase"]
[SourceDate "2021.11.30"]
[SourceVersion "1"]
[SourceVersionDate "2021.11.30"]
[SourceQuality "1"]
[WhiteTeam "Bangladesh Police (W)"]
[BlackTeam "Titas CC (W)"]
[WhiteTeamCountry "BAN"]
[BlackTeamCountry "BAN"]

1. e4 e6 2. d4 d5 3. Nc3 Nf6 4. e5 Nfd7 5. f4 c5 6. Nf3 Nc6 7. Be3 Qb6 8. Na4 Qa5+ 9. c3 c4 10. b4 Qc7 11. Be2 b6 12. 0-0 Bb7 13. Qe1 h6 14. Qg3 Ne7 15. Nh4 g6 16. Qh3 0-0-0 17. g4 Kb8 18. b5 Nc8 19. f5 exf5 20. gxf5 g5 21. Ng2 Ba3 22. Bh5 Rdf8 23. Bc1 Bxc1 24. Raxc1 Ka8 25. f6 Qd8 26. Rce1 Nb8 27. Bg4 Qe8 28. Rb1 Qd8 29. Ne3 h5 30. Bxh5 Rh7 31. Rf5 Qd7 32. Qf3 Rg8 33. Bg4 Qe8 34. h3 Qf8 35. Rb4 Qd8 36. Qg2 Qf8 37. Bf3 Qd8 38. Nxd5 Qd7 39. Ne3 Bxf3 1-0

[Event "BAN-chT (Women)"]
[Site "Dhaka"]
[Date "2021.09.13"]
[Round "6.1"]
[White "Khanam, Afroza"]
[Black "Nafisa, Nusrat Zahan"]
[Result "1-0"]
[WhiteElo "1886"]
[BlackElo "1367"]
[PlyCount "37"]
[EventDate "2021.09.08"]
[EventType "team-tourn"]
[EventRounds "9"]
[EventCountry "BAN"]
[SourceTitle "CBM 204 Extra"]
[Source "ChessBase"]
[SourceDate "2021.11.30"]
[SourceVersion "1"]
[SourceVersionDate "2021.11.30"]
[SourceQuality "1"]
[WhiteTeam "Titas CC (W)"]
[BlackTeam "Sultana Kamal Smirity Pathagar (W)"]
[WhiteTeamCountry "BAN"]
[BlackTeamCountry "BAN"]

1. d4 d5 2. e3 Nc6 3. Nf3 Nf6 4. Nbd2 Bf5 5. Bb5 Qd6 6. Ne5 Ng4 7. Nxg4 a6 8. Bxc6+ Qxc6 9. Ne5 Qd6 10. 0-0 Qf6 11. c4 e6 12. Qa4+ c6 13. Qb3 Ra7 14. Qb6 Ra8 15. Qxb7 Rd8 16. Qxc6+ Ke7 17. b3 g5 18. Ba3+ Rd6 19. Qd7# 1-0

[Event "BAN-chT (Women)"]
[Site "Dhaka"]
[Date "2021.09.10"]
[Round "3.1"]
[White "Noshin, Anjum"]
[Black "Khanam, Afroza"]
[Result "1-0"]
[WhiteElo "2004"]
[BlackElo "1886"]
[PlyCount "61"]
[EventDate "2021.09.08"]
[EventType "team-tourn"]
[EventRounds "9"]
[EventCountry "BAN"]
[SourceTitle "CBM 204 Extra"]
[Source "ChessBase"]
[SourceDate "2021.11.30"]
[SourceVersion "1"]
[SourceVersionDate "2021.11.30"]
[SourceQuality "1"]
[WhiteTeam "Bangladesh Navy (W)"]
[BlackTeam "Titas CC (W)"]
[WhiteTeamCountry "BAN"]
[BlackTeamCountry "BAN"]

1. e4 e6 2. d4 d5 3. Nc3 Nf6 4. e5 Nfd7 5. f4 c5 6. Nf3 Nc6 7. Be3 Qb6 8. Na4 Qa5+ 9. c3 c4 10. b4 Qc7 11. Be2 g6 12. 0-0 Bg7 13. Qe1 Ne7 14. Qf2 Nf5 15. Nh4 Nxe3 16. Qxe3 Qd8 17. Qh3 Nb8 18. g4 Nc6 19. Qg3 0-0 20. f5 g5 21. f6 gxh4 22. Qxh4 h6 23. g5 Re8 24. gxh6 Bf8 25. h7+ Kh8 26. Qh5 Qc7 27. Kh1 b6 28. Rg1 Bxb4 29. Rg8+ Rxg8 30. hxg8Q+ Kxg8 31. Rg1+ 1-0

[Event "Dhaka rapid (Women) op"]
[Site "Dhaka"]
[Date "2021.03.08"]
[Round "6"]
[White "Khanam, Afroza"]
[Black "Nazmin, Akter"]
[Result "1-0"]
[WhiteElo "1886"]
[BlackElo "1213"]
[PlyCount "150"]
[EventDate "2021.03.08"]
[EventType "swiss (rapid)"]
[EventRounds "7"]
[EventCountry "BAN"]
[SourceTitle "CBM 201 Extra"]
[Source "ChessBase"]
[SourceDate "2021.05.31"]
[SourceVersion "1"]
[SourceVersionDate "2021.05.31"]
[SourceQuality "1"]

1. d4 d5 2. Nf3 c6 3. e3 g6 4. Bd3 Bg7 5. c3 Nf6 6. Nbd2 Nbd7 7. e4 dxe4 8. Nxe4 Nxe4 9. Bxe4 0-0 10. 0-0 Nf6 11. Bc2 Bg4 12. h3 Bxf3 13. Qxf3 e6 14. Bg5 h6 15. Bh4 g5 16. Bg3 Re8 17. Rfe1 Qd5 18. Qd3 Kf8 19. Be5 a6 20. Re3 Ke7 21. Bb3 Qd7 22. Rae1 Rg8 23. Qc4 Nd5 24. Qc5+ Kd8 25. Bxd5 cxd5 26. Qb6+ Kc8 27. Rc1 Bxe5 28. Rxe5 Qc6 29. Qb4 Kd7 30. Rce1 b5 31. R1e3 Rae8 32. Rf3 f5 33. Rfe3 Rg6 34. Qb3 Re7 35. g3 a5 36. Qa3 a4 37. Qb4 Qc4 38. Qa5 Qc6 39. Qa7+ Kd6 40. Qb8+ Kd7 41. Qa7+ Qc7 42. Qa6 Qc6 43. Qa5 Rf6 44. Re1 h5 45. Qb4 g4 46. hxg4 hxg4 47. Kg2 Rh6 48. Rxf5 Rhh7 49. Rg5 Rhg7 50. Ree5 Rxg5 51. Rxg5 e5 52. dxe5 d4+ 53. Kg1 Qd5 54. cxd4 Qf3 55. Qxb5+ Ke6 56. Qc4+ Kd7 57. Qxa4+ Ke6 58. Qa6+ Kf7 59. Qc4+ Re6 60. Qc7+ Re7 61. Qc4+ Re6 62. Qc7+ Re7 63. Rg7+ Kxg7 64. Qxe7+ Kg6 65. Qf6+ Qxf6 66. exf6 Kxf6 67. b4 Ke6 68. b5 Kd6 69. a4 Kc7 70. a5 Kb7 71. a6+ Kb6 72. d5 Ka7 73. d6 Kb6 74. d7 Kc7 75. a7 Kxd7 1-0

[Event "Dhaka rapid (Women) op"]
[Site "Dhaka"]
[Date "2021.03.08"]
[Round "2"]
[White "Khanam, Afroza"]
[Black "Nusrat Jahan, Alo"]
[Result "1-0"]
[WhiteElo "1886"]
[BlackElo "1571"]
[PlyCount "91"]
[EventDate "2021.03.08"]
[EventType "swiss (rapid)"]
[EventRounds "7"]
[EventCountry "BAN"]
[SourceTitle "CBM 201 Extra"]
[Source "ChessBase"]
[SourceDate "2021.05.31"]
[SourceVersion "1"]
[SourceVersionDate "2021.05.31"]
[SourceQuality "1"]

1. d4 d5 2. Nf3 e6 3. e3 Nf6 4. Bd3 Bd6 5. Nbd2 Nbd7 6. e4 e5 7. exd5 Nxd5 8. dxe5 Nxe5 9. Nxe5 Bxe5 10. 0-0 0-0 11. Qh5 Bxh2+ 12. Qxh2 h6 13. Nf3 Nf6 14. Bf4 Be6 15. Bxc7 Qd7 16. Be5 Ng4 17. Qg3 Nxe5 18. Nxe5 Qc7 19. Qe3 Rfe8 20. Rfe1 f6 21. Nf3 Bf7 22. Qd2 Red8 23. Rad1 Kh8 24. Qe2 Re8 25. Qd2 Red8 26. Qb4 a5 27. Qe4 g6 28. Qe7 Qxe7 29. Rxe7 Bc4 30. Rxb7 Bd5 31. Re7 f5 32. Rde1 Bc6 33. R7e6 Be8 34. Ne5 Kg7 35. Nc6 Bxc6 36. Rxc6 a4 37. Re7+ Kf8 38. Ree6 Rac8 39. Rxg6 Rxc6 40. Rxc6 Rb8 41. b3 axb3 42. cxb3 Ra8 43. a4 Rb8 44. Bc4 Rd8 45. Rxh6 Rd1+ 46. Kh2 1-0

[Event "Dhaka (Women) op 10th"]
[Site "Dhaka"]
[Date "2019.01.29"]
[Round "3"]
[White "Khanam, Afroza"]
[Black "Ahmed, Walijah"]
[Result "0-1"]
[WhiteElo "1919"]
[BlackElo "1577"]
[PlyCount "84"]
[EventDate "2019.01.27"]
[EventType "swiss"]
[EventRounds "7"]
[EventCountry "BAN"]
[SourceTitle "CBM 189 Extra"]
[Source "ChessBase"]
[SourceDate "2019.05.31"]
[SourceVersion "1"]
[SourceVersionDate "2019.05.31"]
[SourceQuality "1"]

1. d4 Nf6 2. Nf3 g6 3. Bf4 Bg7 4. e3 0-0 5. Nbd2 d6 6. Be2 Nbd7 7. h3 c5 8. c3 Nh5 9. Bh2 h6 10. 0-0 Kh7 11. Qc2 f5 12. Ne1 Nhf6 13. Nd3 Ne4 14. Nf4 Ndf6 15. dxc5 e5 16. Nd3 Nxd2 17. Qxd2 dxc5 18. Qc2 Nd7 19. Rfd1 Qe7 20. Ne1 Nf6 21. Nf3 e4 22. Bd6 Qe6 23. Nh2 b6 24. Bxf8 Bxf8 25. Rd2 Bd6 26. Qd1 Bc7 27. Nf1 Nd7 28. b3 Ne5 29. c4 Bb7 30. Qc2 Rf8 31. Rad1 Bc6 32. Nh2 Qe7 33. Rf1 Qg5 34. Qd1 h5 35. Kh1 f4 36. exf4 Qxf4 37. Kg1 Nf3+ 38. Nxf3 exf3 39. g3 fxe2 40. Qxe2 Qf5 41. Kh2 Bxg3+ 42. Kxg3 Qf4# 0-1

[Event "Dhaka (Women) op 10th"]
[Site "Dhaka"]
[Date "2019.01.28"]
[Round "2"]
[White "Musfica Zannat, Sawri"]
[Black "Khanam, Afroza"]
[Result "0-1"]
[WhiteElo "1383"]
[BlackElo "1919"]
[PlyCount "66"]
[EventDate "2019.01.27"]
[EventType "swiss"]
[EventRounds "7"]
[EventCountry "BAN"]
[SourceTitle "CBM 189 Extra"]
[Source "ChessBase"]
[SourceDate "2019.05.31"]
[SourceVersion "1"]
[SourceVersionDate "2019.05.31"]
[SourceQuality "1"]

1. d4 d5 2. c4 e6 3. Nc3 Nf6 4. e3 c6 5. Nf3 Bd6 6. Bd3 Nbd7 7. e4 dxe4 8. Nxe4 Nxe4 9. Bxe4 0-0 10. Bxh7+ Kxh7 11. Ng5+ Kg8 12. h4 Bb4+ 13. Kf1 Nf6 14. h5 e5 15. Nf3 exd4 16. h6 g6 17. a3 Be7 18. Ng5 Nh7 19. Ne4 Bf5 20. Ng3 Be6 21. f4 Bxc4+ 22. Kg1 d3 23. Be3 Re8 24. f5 Bxa3 25. fxg6 fxg6 26. Qg4 Bf7 27. Rf1 Bxb2 28. Rxf7 Kxf7 29. Qc4+ Re6 30. Ne4 Qd5 31. Qxd5 cxd5 32. Rh4 Rxe4 33. Rxe4 dxe4 0-1

[Event "BAN-ch (Women) 38th"]
[Site "Dhaka"]
[Date "2018.08.14"]
[Round "7"]
[White "Khanam, Afroza"]
[Black "Jannatul, Ferdous"]
[Result "1/2-1/2"]
[WhiteElo "1971"]
[BlackElo "1594"]
[PlyCount "87"]
[EventDate "2018.08.08"]
[EventType "swiss"]
[EventRounds "9"]
[EventCountry "BAN"]
[SourceTitle "EXT 2019"]
[Source "ChessBase"]
[SourceDate "2018.10.10"]
[SourceVersion "1"]
[SourceVersionDate "2018.10.10"]
[SourceQuality "1"]

1. d4 d5 2. e3 e6 3. Nf3 Nf6 4. Bd3 c5 5. b3 Nc6 6. 0-0 cxd4 7. exd4 Be7 8. a3 0-0 9. Re1 h6 10. Bb2 Qc7 11. Nbd2 Nh5 12. Ne5 Nf4 13. Bf1 Nxe5 14. dxe5 Bd7 15. Rc1 Qb6 16. Nf3 Bb5 17. Bxb5 Qxb5 18. Nd4 Qb6 19. Qg4 Ng6 20. g3 Bc5 21. b4 Bxd4 22. Bxd4 Qc7 23. Qe2 Rfc8 24. Red1 Qc4 25. Qe3 b6 26. Rd3 Ne7 27. Rc3 Qa6 28. Rb3 Nf5 29. Qd2 Nxd4 30. Qxd4 Qc4 31. Qd2 Rc6 32. Rd3 Qa2 33. c3 Qxa3 34. c4 Qa4 35. cxd5 Rxc1+ 36. Qxc1 exd5 37. Rxd5 Qxb4 38. Rd7 a5 39. Qc6 Rf8 40. Rb7 a4 41. Rxb6 Qe1+ 42. Kg2 a3 43. Ra6 Qxe5 44. Rxa3 1/2-1/2

[Event "Dhaka Shamsher Ali Cup 3rd"]
[Site "Dhaka"]
[Date "2018.03.05"]
[Round "4"]
[White "Khanam, Afroza"]
[Black "Jahanara, Haque"]
[Result "1-0"]
[WhiteElo "1966"]
[BlackElo "1755"]
[PlyCount "194"]
[EventDate "2018.03.02"]
[EventType "swiss"]
[EventRounds "7"]
[EventCountry "BAN"]
[SourceTitle "EXT 2019"]
[Source "ChessBase"]
[SourceDate "2018.10.10"]
[SourceVersion "1"]
[SourceVersionDate "2018.10.10"]
[SourceQuality "1"]

1. d4 d5 2. Nf3 c6 3. e3 Bg4 4. Bd3 Nf6 5. Nbd2 e6 6. c3 Be7 7. Qc2 Bxf3 8. Nxf3 Nbd7 9. 0-0 h6 10. Re1 0-0 11. Qe2 Rc8 12. Nd2 Re8 13. e4 dxe4 14. Nxe4 Nxe4 15. Qxe4 Nf6 16. Qf3 Qd5 17. Qd1 c5 18. Be3 a6 19. Be2 b5 20. Bf3 Qd8 21. a4 Nd5 22. Qe2 c4 23. axb5 axb5 24. Be4 Nf6 25. Bb7 Rb8 26. Bc6 Rf8 27. d5 Nxd5 28. Ba7 Nf4 29. Qg4 Nd3 30. Bxb8 Nxe1 31. Be5 f6 32. Qxe6+ Kh8 33. Rxe1 fxe5 34. Qxe5 Bf6 35. Qxb5 Qd2 36. Rf1 Qd6 37. Bf3 Be5 38. Qxc4 Bxh2+ 39. Kh1 Be5 40. Qe4 Rf4 41. Qa8+ Rf8 42. Qc6 Qe7 43. g3 Qf7 44. Kg2 Bf6 45. b4 Qb3 46. Qd6 Rd8 47. Qc7 Qxc3 48. Qxc3 Bxc3 49. b5 Rb8 50. Bc6 Kg8 51. Rd1 Kf7 52. Rd3 Bf6 53. Rb3 Bd8 54. Ra3 Bf6 55. Ra6 Bd4 56. Ra8 Rxa8 57. Bxa8 Ke6 58. Bc6 Kf5 59. Bd7+ Kg5 60. f4+ Kf6 61. Kf3 Ke7 62. Bc6 Kf6 63. g4 Ke6 64. Ke4 Bb6 65. Be8 Bg1 66. Bg6 Bb6 67. Bf5+ Kd6 68. Bc8 g6 69. Bb7 Ke6 70. Bc6 Bg1 71. Be8 Kf6 72. Bd7 Ke7 73. Bc6 Bb6 74. Kd5 Bc7 75. f5 gxf5 76. gxf5 h5 77. Kc5 h4 78. Bg2 Be5 79. Kc6 Kd8 80. Kb7 Bd4 81. Bh3 Be5 82. b6 Bf6 83. Ka8 Bd4 84. b7 Be5 85. b8Q+ Bxb8 86. Kxb8 Ke7 87. Kc7 Ke8 88. Kd6 Kf7 89. Kd7 Kf8 90. Ke6 Ke8 91. f6 Kf8 92. f7 Kg7 93. Ke7 Kg6 94. f8Q Kg5 95. Qf5+ Kh6 96. Bg4 Kg7 97. Bh5 Kh8 1-0

[Event "Dhaka Shamsher Ali Cup 3rd"]
[Site "Dhaka"]
[Date "2018.03.02"]
[Round "1"]
[White "Samiha, Chowdhury"]
[Black "Khanam, Afroza"]
[Result "0-1"]
[WhiteElo "1322"]
[BlackElo "1966"]
[PlyCount "76"]
[EventDate "2018.03.02"]
[EventType "swiss"]
[EventRounds "7"]
[EventCountry "BAN"]
[SourceTitle "EXT 2019"]
[Source "ChessBase"]
[SourceDate "2018.10.10"]
[SourceVersion "1"]
[SourceVersionDate "2018.10.10"]
[SourceQuality "1"]

1. e4 e6 2. d4 d5 3. e5 c5 4. c3 Nc6 5. Nf3 Qb6 6. a3 cxd4 7. cxd4 f6 8. exf6 Nxf6 9. b4 Bd6 10. Nc3 0-0 11. Bd3 Bd7 12. Bg5 Rae8 13. 0-0 Kh8 14. Be2 Ne4 15. Nxe4 dxe4 16. Ne5 Bxe5 17. dxe5 Nxe5 18. Be3 Qd8 19. Qc2 Bc6 20. Qc5 Rf5 21. Qxa7 Qh4 22. Qd4 Rd8 23. Qc3 Nf3+ 24. Bxf3 exf3 25. Rfd1 fxg2 26. Rd4 Qf6 27. Rxd8+ Qxd8 28. Qd4 Rd5 29. Qg4 Rd3 30. h3 h6 31. a4 Qf6 32. Rc1 Bxa4 33. Rc8+ Rd8 34. Rxd8+ Qxd8 35. Qxe6 Bc6 36. Qb3 Qf6 37. Qb1 Qf3 38. Kh2 Bd7 0-1

[Event "BAN-ch (Women) 37th"]
[Site "Dhaka"]
[Date "2017.08.26"]
[Round "7"]
[White "Talukder, Umme Taslima Protiv"]
[Black "Khanam, Afroza"]
[Result "1-0"]
[WhiteElo "1733"]
[BlackElo "1991"]
[PlyCount "109"]
[EventDate "2017.08.20"]
[EventType "swiss"]
[EventRounds "9"]
[EventCountry "BAN"]
[SourceTitle "CBM 180 Extra"]
[Source "ChessBase"]
[SourceDate "2017.10.06"]
[SourceVersion "1"]
[SourceVersionDate "2017.10.06"]
[SourceQuality "1"]

1. d4 d5 2. c4 e6 3. Nf3 c6 4. e3 Nf6 5. Nc3 Bd6 6. Bd3 Nbd7 7. 0-0 0-0 8. e4 dxe4 9. Nxe4 Nxe4 10. Bxe4 Qc7 11. b3 Nf6 12. Bc2 c5 13. dxc5 Bxc5 14. Bb2 Rd8 15. Qe2 Be7 16. Rad1 Bd7 17. Ne5 Be8 18. Qf3 Bd6 19. Qe2 Bc6 20. g3 Bxe5 21. Bxe5 Qe7 22. Bb1 Rxd1 23. Rxd1 Rd8 24. Bd4 b6 25. h3 Qb7 26. Bxf6 Rxd1+ 27. Qxd1 gxf6 28. Kh2 Bf3 29. Qd2 Qc6 30. Bd3 Kg7 31. Be2 Bh1 32. Bf1 Bf3 33. h4 Qe4 34. Qd3 Qc6 35. Be2 Be4 36. Qd1 f5 37. f3 Qc5 38. fxe4 Qf2+ 39. Kh3 fxe4 40. a4 e5 41. Qf1 Qe3 42. Bd1 Qd4 43. Bh5 f6 44. Qd1 Qf2 45. Qg4+ Kh6 46. Qd1 e3 47. Qe2 Qg1 48. Bf3 f5 49. Qd1 Qf2 50. Qd6+ Kg7 51. Qxe5+ Kg6 52. h5+ Kf7 53. Qxf5+ Kg7 54. h6+ Kg8 55. Bd5+ 1-0

[Event "BAN-ch (Women) 37th"]
[Site "Dhaka"]
[Date "2017.08.22"]
[Round "3"]
[White "Khanam, Afroza"]
[Black "Hamid, Rani"]
[Result "0-1"]
[WhiteElo "1991"]
[BlackElo "1953"]
[PlyCount "93"]
[EventDate "2017.08.20"]
[EventType "swiss"]
[EventRounds "9"]
[EventCountry "BAN"]
[SourceTitle "CBM 180 Extra"]
[Source "ChessBase"]
[SourceDate "2017.10.06"]
[SourceVersion "1"]
[SourceVersionDate "2017.10.06"]
[SourceQuality "1"]

1. d4 Nf6 2. Nf3 e6 3. e3 c5 4. Bd3 Nc6 5. c3 d5 6. Nbd2 Be7 7. 0-0 0-0 8. dxc5 Bxc5 9. e4 dxe4 10. Nxe4 Be7 11. Qe2 Qc7 12. Nxf6+ Bxf6 13. Qe4 g6 14. Bh6 Bg7 15. Qh4 Ne5 16. Nxe5 Qxe5 17. Rfe1 Qd6 18. Rad1 Qb6 19. Bxg7 Kxg7 20. b3 Re8 21. Re3 e5 22. Bc4 f6 23. Red3 Qc7 24. Bb5 Re7 25. Rd6 g5 26. Qc4 Qxc4 27. Bxc4 Bf5 28. Rd8 Rxd8 29. Rxd8 Bg6 30. Bd5 b6 31. Rg8+ Kh6 32. Rf8 f5 33. c4 e4 34. b4 f4 35. Rf6 e3 36. fxe3 Rxe3 37. c5 bxc5 38. bxc5 Rd3 39. Bb3 Rc3 40. c6 Kg7 41. Re6 g4 42. Kf2 Rc1 43. Re7+ Kf6 44. Re6+ Kf5 45. Re1 g3+ 46. hxg3 fxg3+ 47. Ke2 0-1

[Event "Asia-ch (Women) 09th"]
[Site "Chennai"]
[Date "2001.09.08"]
[Round "7"]
[White "Khan, Nazrana"]
[Black "Khanam, Afroza"]
[Result "1/2-1/2"]
[WhiteElo "2129"]
[BlackElo "2010"]
[PlyCount "54"]
[EventDate "2001.09.03"]
[EventType "swiss"]
[EventRounds "11"]
[EventCountry "IND"]
[SourceTitle "CBM 084 Extra"]
[Source "ChessBase"]
[SourceDate "2001.10.26"]
[SourceVersion "1"]
[SourceVersionDate "2001.10.26"]
[SourceQuality "1"]

1. d4 d5 2. c4 c6 3. Nc3 Nf6 4. Nf3 e6 5. Bf4 Nbd7 6. e3 Be7 7. Bd3 dxc4 8. Bxc4 b5 9. Bd3 a6 10. 0-0 c5 11. Ne4 Qb6 12. dxc5 Nxc5 13. Nxc5 Qxc5 14. Rc1 Qd5 15. Qc2 Bb7 16. Rfd1 Qh5 17. Be2 Nd5 18. a3 0-0 19. Bg3 Rac8 20. Qd2 Nf6 21. Qa5 Rxc1 22. Rxc1 Bd8 23. Qb4 Qd5 24. Rd1 Qc6 25. Bd3 h6 26. Bf1 Re8 27. Nd4 Qc8 1/2-1/2

[Event "Asia-ch (Women) 09th"]
[Site "Chennai"]
[Date "2001.09.04"]
[Round "2"]
[White "Wang, Yu A"]
[Black "Khanam, Afroza"]
[Result "1-0"]
[WhiteElo "2382"]
[BlackElo "2010"]
[PlyCount "59"]
[EventDate "2001.09.03"]
[EventType "swiss"]
[EventRounds "11"]
[EventCountry "IND"]
[SourceTitle "CBM 084 Extra"]
[Source "ChessBase"]
[SourceDate "2001.10.26"]
[SourceVersion "1"]
[SourceVersionDate "2001.10.26"]
[SourceQuality "1"]

1. e4 e6 2. d3 d5 3. Nd2 Ne7 4. Ngf3 g6 5. g3 Bg7 6. Bg2 c5 7. 0-0 0-0 8. Re1 b6 9. e5 Bb7 10. Nf1 Qc7 11. h4 h6 12. N1h2 Nd7 13. Bf4 Kh7 14. Ng4 Qd8 15. Qd2 Nf5 16. c3 Rc8 17. d4 Qe7 18. Bf1 Rfd8 19. Bd3 Qf8 20. h5 cxd4 21. cxd4 Bc6 22. Kg2 Kg8 23. Bxf5 gxf5 24. Nxh6+ Kh8 25. Nxf5 exf5 26. h6 Bf6 27. exf6 Re8 28. h7 Nxf6 29. Bh6 Qd6 30. Qg5 1-0

[Event "Asia-ch (Women) 09th"]
[Site "Chennai"]
[Date "2001.09.03"]
[Round "1"]
[White "Khanam, Afroza"]
[Black "Ramaswamy, Aarthie"]
[Result "1/2-1/2"]
[WhiteElo "2010"]
[BlackElo "2249"]
[PlyCount "86"]
[EventDate "2001.09.03"]
[EventType "swiss"]
[EventRounds "11"]
[EventCountry "IND"]
[SourceTitle "CBM 084 Extra"]
[Source "ChessBase"]
[SourceDate "2001.10.26"]
[SourceVersion "1"]
[SourceVersionDate "2001.10.26"]
[SourceQuality "1"]

1. d4 Nf6 2. Nf3 g6 3. c4 Bg7 4. Nc3 0-0 5. e4 d6 6. Be2 e5 7. dxe5 dxe5 8. Qxd8 Rxd8 9. Bg5 Rf8 10. 0-0 Nc6 11. Rfd1 h6 12. Bxf6 Bxf6 13. Nd5 Bd8 14. h3 Be6 15. a3 Kg7 16. b4 f6 17. Rd2 Ne7 18. Rb1 h5 19. Nh2 Nc6 20. Nf3 Rg8 21. c5 Ne7 22. Bc4 Kf7 23. Nxe7 Bxe7 24. Bxe6+ Kxe6 25. Rbd1 a5 26. Rd7 Rgd8 27. Rxd8 Rxd8 28. Rxd8 Bxd8 29. Ne1 Be7 30. Nd3 Kd7 31. b5 a4 32. Kf1 b6 33. c6+ Ke6 34. Nb2 Bxa3 35. Nxa4 f5 36. f3 Bd6 37. Ke2 Kf6 38. Nb2 Bc5 39. Nc4 Bd4 40. Nd6 Ke7 41. Nc4 Ke6 42. Kd3 Bc5 43. Nd2 Bd4 1/2-1/2